[Event "ZN-2013-0-02245"]
[Site "LSS email"]
[Date "2013.03.24"]
[Round "?"]
[White "Klos, Gustav"]
[Black "Perez, Alberto F"]
[Result "0-1"]
[WhiteElo "499"]
[BlackElo "1358"]
[PlyCount "64"]
[EventDate "2013.03.21"]
[EventType "match (corr)"]
[EventRounds "2"]
[EventCountry "GER"]
[SourceTitle "Telechess CBM 159"]
[Source "ChessBase"]
[SourceDate "2014.03.17"]
[SourceVersion "1"]
[SourceVersionDate "2014.03.17"]
[SourceQuality "1"]

1. e4 c5 2. Bc4 e6 3. Qf3 Nc6 4. Nc3 Nf6 5. g4 Ne5 6. Qf4 Nxc4 7. d3 Bd6 8. Qf3 Ne5 9. Qe2 Nfxg4 10. Nf3 Nxf3+ 11. Qxf3 Qh4 12. Be3 Nxe3 13. Qxe3 0-0 14. Nb5 Bf4 15. Qxc5 a6 16. Nc7 Bxc7 17. Qxc7 f5 18. Qg3 Qf6 19. 0-0-0 fxe4 20. dxe4 Qxf2 21. Rhg1 Qxg3 22. Rxg3 Rf4 23. Rdg1 g6 24. e5 b5 25. h4 Rxh4 26. Rf3 Bb7 27. Rc3 Rc8 28. Rd3 Rh2 29. Rxd7 Rcxc2+ 30. Kb1 Rxb2+ 31. Ka1 Be4 32. Rc1 Rxa2# 0-1

[Event "ZN-2013-0-02221"]
[Site "LSS email"]
[Date "2013.03.04"]
[Round "?"]
[White "Klos, Gustav"]
[Black "Tobey, Al E"]
[Result "0-1"]
[WhiteElo "499"]
[BlackElo "583"]
[PlyCount "28"]
[EventDate "2013.02.25"]
[EventType "match (corr)"]
[EventRounds "2"]
[EventCountry "GER"]
[SourceTitle "Corr 2015"]
[Source "ChessBase"]
[SourceDate "2015.07.17"]
[SourceVersion "1"]
[SourceVersionDate "2015.07.17"]
[SourceQuality "1"]

1. e4 e5 2. Bc4 Nf6 3. Qf3 d6 4. g4 Bxg4 5. Qg3 Nc6 6. f3 Bh5 7. f4 Ng4 8. h3 Nf6 9. fxe5 Nxe5 10. d3 Nxc4 11. b3 Ne5 12. Bg5 Be7 13. Bxf6 Bxf6 14. d4 Bh4 0-1

[Event "ZN-2012-0-02146"]
[Site "LSS email"]
[Date "2012.12.21"]
[Round "?"]
[White "Klos, Gustav"]
[Black "Trebichalsky, Rastislav"]
[Result "0-1"]
[WhiteElo "530"]
[BlackElo "642"]
[PlyCount "26"]
[EventDate "2012.12.19"]
[EventType "match (corr)"]
[EventRounds "2"]
[EventCountry "GER"]
[SourceTitle "Corr 2015"]
[Source "ChessBase"]
[SourceDate "2015.07.17"]
[SourceVersion "1"]
[SourceVersionDate "2015.07.17"]
[SourceQuality "1"]

1. e4 e5 2. Bc4 Nf6 3. Qf3 Nc6 4. g4 Nd4 5. Qc3 Nxe4 6. Qd3 Nc5 7. Qc3 Qf6 8. d3 d6 9. Be3 Bxg4 10. Bd5 0-0-0 11. Qa5 a6 12. Qb4 Be6 13. Nc3 Nxc2+ 0-1

[Event "ZN-2012-0-02146"]
[Site "LSS email"]
[Date "2012.12.21"]
[Round "?"]
[White "Trebichalsky, Rastislav"]
[Black "Klos, Gustav"]
[Result "0-1"]
[WhiteElo "642"]
[BlackElo "530"]
[PlyCount "54"]
[EventDate "2012.12.19"]
[EventType "match (corr)"]
[EventRounds "2"]
[EventCountry "GER"]
[SourceTitle "Telechess CBM 163"]
[Source "ChessBase"]
[SourceDate "2014.11.11"]
[SourceVersion "2"]
[SourceVersionDate "2014.11.11"]
[SourceQuality "1"]

1. e4 e5 2. Nf3 Nc6 3. Bb5 a6 4. Bxc6 bxc6 5. Nxe5 Qe7 6. d4 d6 7. Nd3 Qxe4+ 8. Qe2 Nf6 9. Bg5 Be7 10. Bxf6 Qe6 11. Bxg7 Rg8 12. Nf4 Qxe2+ 13. Nxe2 Rxg7 14. 0-0 Bh3 15. Nf4 Bf5 16. Na3 Rg4 17. Ne2 d5 18. h3 Re4 19. Rfe1 Rb8 20. Rab1 c5 21. Ng3 Rxe1+ 22. Rxe1 Bg6 23. c4 Kf8 24. dxc5 Bxc5 25. cxd5 Rxb2 26. Nc4 Rxa2 27. Ne5 Bxf2+ 0-1

[Event "ZN-2012-0-02087"]
[Site "LSS email"]
[Date "2012.10.26"]
[Round "?"]
[White "Klos, Gustav"]
[Black "Rice, Duncan"]
[Result "0-1"]
[WhiteElo "530"]
[BlackElo "709"]
[PlyCount "56"]
[EventDate "2012.10.23"]
[EventType "match (corr)"]
[EventRounds "2"]
[EventCountry "GER"]
[SourceTitle "Telechess CBM 165"]
[Source "ChessBase"]
[SourceDate "2015.03.11"]
[SourceVersion "1"]
[SourceVersionDate "2015.03.11"]
[SourceQuality "1"]

1. e4 e5 2. Bc4 Nf6 3. Nc3 Bb4 4. a3 Bxc3 5. dxc3 0-0 6. Bg5 h6 7. Bxf6 Qxf6 8. Qf3 Qxf3 9. Nxf3 d6 10. h3 Nc6 11. g4 a6 12. 0-0-0 b5 13. Bd5 Bd7 14. b4 Rac8 15. Rhg1 Ne7 16. Bb7 Rb8 17. g5 Rxb7 18. gxh6 g6 19. h4 Bc6 20. Ng5 f6 21. Ne6 Re8 22. f3 Kh7 23. h5 g5 24. Rg4 Kxh6 25. Rh1 Bd7 26. Ng7 Kxg7 27. h6+ Kh7 28. f4 Bxg4 0-1

[Event "ZN-2012-0-02074"]
[Site "LSS email"]
[Date "2012.10.16"]
[Round "?"]
[White "Klos, Gustav"]
[Black "Wallerstorfer, Josef"]
[Result "1-0"]
[WhiteElo "530"]
[BlackElo "720"]
[PlyCount "61"]
[EventDate "2012.10.10"]
[EventType "match (corr)"]
[EventRounds "2"]
[EventCountry "GER"]
[SourceTitle "Telechess CBM 165"]
[Source "ChessBase"]
[SourceDate "2015.03.11"]
[SourceVersion "1"]
[SourceVersionDate "2015.03.11"]
[SourceQuality "1"]

1. e4 e5 2. Bc4 Nf6 3. Nc3 Be7 4. d3 h6 5. f3 0-0 6. g4 Nh7 7. Be3 Nc6 8. d4 exd4 9. Bxd4 Nxd4 10. Qxd4 Bh4+ 11. Kf1 d6 12. h3 Ng5 13. Re1 Bxe1 14. Kxe1 Qe7 15. Nd5 c6 16. Nxe7+ Kh7 17. h4 Ne6 18. Qd3 Kh8 19. Nxc8 Raxc8 20. Bxe6 fxe6 21. Ne2 d5 22. e5 Rf7 23. Nd4 Re8 24. Qg6 Rfe7 25. h5 a6 26. g5 Rg8 27. Nxe6 Rge8 28. gxh6 gxh6 29. Qxh6+ Rh7 30. Qg6 b6 31. Qxe8# 1-0

[Event "ZN-2012-0-02012"]
[Site "LSS email"]
[Date "2012.07.30"]
[Round "?"]
[White "Simmons, Ernest"]
[Black "Klos, Gustav"]
[Result "1-0"]
[WhiteElo "804"]
[BlackElo "540"]
[PlyCount "91"]
[EventDate "2012.07.22"]
[EventType "match (corr)"]
[EventRounds "2"]
[EventCountry "GER"]
[SourceTitle "Telechess CBM 153"]
[Source "ChessBase"]
[SourceDate "2013.03.14"]
[SourceVersion "1"]
[SourceVersionDate "2013.03.14"]
[SourceQuality "1"]

1. d4 f5 2. c4 e6 3. Nc3 Bb4 4. Bd2 c6 5. Nf3 d5 6. e3 Nf6 7. Be2 Bd6 8. 0-0 h6 9. c5 Bc7 10. Qc2 Qe7 11. g3 Na6 12. a3 g5 13. Ne1 g4 14. Nd3 h5 15. Nf4 Bxf4 16. exf4 h4 17. Bd3 hxg3 18. fxg3 Qh7 19. Rf2 Qh3 20. Re1 Ne4 21. Bf1 Qh5 22. Nxe4 fxe4 23. Re3 Bd7 24. Qb3 0-0-0 25. Ba5 Nc7 26. Qc3 Nb5 27. Bxb5 Rdf8 28. Be2 Rh6 29. h4 Rfh8 30. Rh2 Qf7 31. Bxg4 Rg6 32. Be2 Rhg8 33. Rg2 Qg7 34. Bh5 Rh6 35. Be2 e5 36. fxe5 Rg6 37. Kh2 Rf8 38. Qe1 Qf7 39. Bh5 Qf1 40. Bxg6 b6 41. Bb4 Qc4 42. cxb6 Qxd4 43. Bxf8 Qxe5 44. bxa7 Kb7 45. Qa5 Qh8 46. a8Q# 1-0

[Event "ZN-2012-0-01979"]
[Site "LSS email"]
[Date "2012.06.24"]
[Round "?"]
[White "Klos, Gustav"]
[Black "Wallerstorfer, Josef"]
[Result "1-0"]
[WhiteElo "540"]
[BlackElo "853"]
[PlyCount "86"]
[EventDate "2012.06.16"]
[EventType "match (corr)"]
[EventRounds "2"]
[EventCountry "GER"]
[SourceTitle "Telechess CBM 153"]
[Source "ChessBase"]
[SourceDate "2013.03.14"]
[SourceVersion "1"]
[SourceVersionDate "2013.03.14"]
[SourceQuality "1"]

1. e4 e5 2. Bc4 Nf6 3. Qf3 Nc6 4. g4 Nd4 5. Qd3 Nxg4 6. c3 Nc6 7. Qf3 Nf6 8. d3 Be7 9. Bg5 d6 10. Bd5 Nxd5 11. Bxe7 Ndxe7 12. Qg3 0-0 13. Nd2 Ng6 14. 0-0-0 Be6 15. Ngf3 a5 16. h4 h5 17. Ng5 Bg4 18. f3 Bd7 19. Rhe1 Qc8 20. a3 f6 21. Nh3 Kh7 22. Rg1 Nce7 23. Rg2 Bxh3 24. Rgg1 Rg8 25. Rh1 Nf4 26. Kb1 Bd7 27. Rde1 Nxd3 28. Reg1 Qf8 29. Qh2 Ng6 30. Rg3 b5 31. Rhg1 Ndf4 32. Rxg6 Nxg6 33. Qg3 Qf7 34. Nf1 b4 35. axb4 axb4 36. cxb4 Qa2+ 37. Kc2 Ba4+ 38. Kd3 Nf4+ 39. Ke3 Qb3+ 40. Kf2 Nd3+ 41. Kg2 Nf4+ 42. Kh2 Ne2 43. Qg6+ Kh8 1-0

[Event "ZN-2012-0-01924"]
[Site "LSS email"]
[Date "2012.04.23"]
[Round "?"]
[White "Klos, Gustav"]
[Black "Rice, Duncan"]
[Result "0-1"]
[WhiteElo "539"]
[BlackElo "691"]
[PlyCount "58"]
[EventDate "2012.04.16"]
[EventType "match (corr)"]
[EventRounds "2"]
[EventCountry "GER"]
[SourceTitle "Corr 2015"]
[Source "ChessBase"]
[SourceDate "2015.07.17"]
[SourceVersion "1"]
[SourceVersionDate "2015.07.17"]
[SourceQuality "1"]

1. e4 e5 2. Bc4 Nf6 3. g4 Nxe4 4. Qf3 Nd6 5. d3 Nxc4 6. dxc4 Bc5 7. Nc3 0-0 8. Ne4 d6 9. Bg5 f6 10. Nxc5 dxc5 11. Bd2 Qd7 12. h4 Qxg4 13. 0-0-0 Qxf3 14. Nxf3 Bg4 15. Rde1 Bxf3 16. Rh3 Bh5 17. Rg1 g6 18. Bh6 Rd8 19. Rd3 Nc6 20. Rd5 Nd4 21. Kb1 Rxd5 22. cxd5 Rd8 23. f4 Rxd5 24. fxe5 Rxe5 25. b3 Re2 26. Rf1 f5 27. c3 Nb5 28. Bc1 Nxc3+ 29. Ka1 Rxa2# 0-1

[Event "ZN-2012-0-01924"]
[Site "LSS email"]
[Date "2012.04.23"]
[Round "?"]
[White "Rice, Duncan"]
[Black "Klos, Gustav"]
[Result "0-1"]
[WhiteElo "691"]
[BlackElo "539"]
[PlyCount "58"]
[EventDate "2012.04.16"]
[EventType "match (corr)"]
[EventRounds "2"]
[EventCountry "GER"]
[SourceTitle "Corr 2015"]
[Source "ChessBase"]
[SourceDate "2015.07.17"]
[SourceVersion "1"]
[SourceVersionDate "2015.07.17"]
[SourceQuality "1"]

1. e4 e5 2. Nf3 Nc6 3. Bc4 Bc5 4. c3 Nf6 5. Nxe5 0-0 6. 0-0 Nxe5 7. d4 Nxc4 8. dxc5 Nxe4 9. Qg4 d5 10. Qe2 h6 11. f3 Nxc5 12. Qf2 b6 13. Qg3 Re8 14. Bxh6 Kf8 15. Qxg7+ Ke7 16. Re1+ Kd7 17. Qxf7+ Re7 18. Qf5+ Re6 19. b4 Kc6 20. Rxe6+ Nxe6 21. a4 a5 22. b5+ Kb7 23. Na3 Nd4 24. Qd3 Nb3 25. Ra2 Ka7 26. Kf2 Qh4+ 27. Kg1 Qxh6 28. Qxd5 Be6 29. Qe4 Qe3+ 0-1

[Event "ZN-2012-0-01861"]
[Site "LSS email"]
[Date "2012.02.28"]
[Round "?"]
[White "Wallerstorfer, Josef"]
[Black "Klos, Gustav"]
[Result "1-0"]
[WhiteElo "879"]
[BlackElo "523"]
[PlyCount "55"]
[EventDate "2012.02.23"]
[EventType "match (corr)"]
[EventRounds "2"]
[EventCountry "GER"]
[SourceTitle "Telechess CBM 157"]
[Source "ChessBase"]
[SourceDate "2013.11.12"]
[SourceVersion "1"]
[SourceVersionDate "2013.11.12"]
[SourceQuality "1"]

1. e4 e5 2. Nf3 Nc6 3. Bc4 Nf6 4. d3 Bc5 5. 0-0 Ng4 6. Bg5 f6 7. Bh4 g5 8. Bg3 h5 9. h4 gxh4 10. Bxh4 d6 11. Nh2 Bxf2+ 12. Bxf2 Nxf2 13. Rxf2 Bg4 14. Nxg4 hxg4 15. Qxg4 Qe7 16. Qg6+ Kd7 17. Rxf6 Rag8 18. Bxg8 Rxg8 19. Qf5+ Kd8 20. Nc3 Qg7 21. Qf2 Ke7 22. Nd5+ Kd8 23. Rf7 Qg6 24. Rf1 b6 25. Rf8+ Rxf8 26. Qxf8+ Qe8 27. Qxe8+ Kxe8 28. c3 1-0

[Event "ZN-2011-0-01808"]
[Site "LSS email"]
[Date "2012.01.03"]
[Round "?"]
[White "Wood, Brian B"]
[Black "Klos, Gustav"]
[Result "0-1"]
[WhiteElo "438"]
[BlackElo "548"]
[PlyCount "33"]
[EventDate "2011.12.30"]
[EventType "match (corr)"]
[EventRounds "2"]
[EventCountry "GER"]
[SourceTitle "Corr 2015"]
[Source "ChessBase"]
[SourceDate "2015.07.17"]
[SourceVersion "1"]
[SourceVersionDate "2015.07.17"]
[SourceQuality "1"]

1. d4 d5 2. c4 c6 3. Nf3 Nf6 4. Nc3 e6 5. Bg5 h6 6. Bxf6 Qxf6 7. cxd5 cxd5 8. e3 Nc6 9. Bb5 a6 10. Bxc6+ bxc6 11. 0-0 Qg6 12. Re1 Bd6 13. a3 0-0 14. b4 e5 15. dxe5 Bh3 16. g3 Rae8 17. exd6 0-1

[Event "ZN-2011-0-01720"]
[Site "LSS email"]
[Date "2011.10.11"]
[Round "?"]
[White "Klos, Gustav"]
[Black "Simmons, Ernest"]
[Result "0-1"]
[WhiteElo "528"]
[BlackElo "757"]
[PlyCount "22"]
[EventDate "2011.10.08"]
[EventType "match (corr)"]
[EventRounds "2"]
[EventCountry "GER"]
[SourceTitle "Corr 2015"]
[Source "ChessBase"]
[SourceDate "2015.07.17"]
[SourceVersion "1"]
[SourceVersionDate "2015.07.17"]
[SourceQuality "1"]

1. e4 c6 2. Bc4 d5 3. exd5 cxd5 4. Bb3 Nf6 5. d4 e6 6. Nf3 Nc6 7. Ba4 Bd7 8. Ne5 Qa5+ 9. Nc3 Qd8 10. Bg5 Be7 11. Qh5 Nxh5 0-1